[Event "ISR-chT"]
[Site "Israel"]
[Date "2001.04.20"]
[Round "7"]
[White "Golod, Vitali"]
[Black "Lev, Ronen"]
[Result "1/2-1/2"]
[WhiteElo "2593"]
[BlackElo "2450"]
[Annotator "Golod,V"]
[PlyCount "55"]
[EventDate "2001.02.??"]
[EventType "team"]
[EventRounds "11"]
[EventCountry "ISR"]
[SourceTitle "CBM 083"]
[Source "ChessBase"]
[SourceDate "2001.07.05"]
[SourceVersion "1"]
[SourceVersionDate "2001.07.05"]
[SourceQuality "1"]

1. d4 d5 2. c4 dxc4 3. e4 c5 {This variant I expected.} 4. d5 e6 5. Nc3 exd5 6.
Nxd5 Nf6 7. Bxc4 Be7 $5 (7... Nxd5 $5 {See comments to: Khalifman,A-Vulfson,V/
St.Petersburg,1995/CBM 46 ext (1-0)(Khalifman,A)(32)}) 8. Bf4 ({I think,that
save a more chances of advantage:} 8. Nxf6+ $5 Bxf6 9. Qxd8+ Bxd8 10. Be3 $14 {
Vukic,M-Zinn,L/Zinnowitz,1969 (1-0)(43)}) 8... Nxd5 9. Bxd5 Qb6 $5 {[%csl Rb2]
[%mdl 4] Is felt, that Ronen Lev,not first time plays this variant.He does not
want to go on a position which arises,after:} (9... O-O 10. Ne2 Na6 11. O-O Nc7
12. Nc3 Nxd5 13. Nxd5 Bd6 14. e5 Bb8 (14... Bc7 $5) (14... Be7 $143 15. e6 Bxe6
16. Nxe7+ Qxe7 17. Bd6 Qf6 18. Bxf8 Rxf8 $14) 15. Qb3 $14 {[%cal Ga1d1]}) 10.
Ne2 O-O ({Loses right away:} 10... Qxb2 $4 {because of:} 11. Rb1 Qf6 12. Rxb7
$18 {[%csl Ra8]}) 11. O-O ({I did not want to lose tempo on:} 11. Qd2 Nc6 12.
O-O Rd8 13. Rfd1 Be6 14. Nc3 Nd4 $11) 11... Qxb2 $5 $146 {In my opinion,it's
correct decision,though also it deserves attention:11...Nc6.} ({Was checked in
the previous game:} 11... Be6 $5 12. Be5 (12. Nc3 $5 Qxb2 $140 13. Qd3 $36)
12... Nd7 13. Bc3 Nf6 14. Nf4 Bxd5 15. Nxd5 Nxd5 16. exd5 Bf6 {1/2-1/2
Ghitescu,T-Filip,M/Marianske Lazne,1961(16)}) 12. Rb1 Qf6 ({Is a possible
continuation of the play:} 12... Qa3 $5 13. Bxb7 (13. Rxb7 Bxb7 14. Bxb7 Na6
15. Bxa8 Rxa8 $13) 13... Bxb7 14. Rxb7 Nc6 15. Qb3 Qa6 16. Qb5 Qxb5 17. Rxb5
$11) 13. Bxb7 ({Probably,a little worse:} 13. Rxb7 Bxb7 14. Bxb7 Nc6 15. Bxa8 (
15. Qd7 $4 Nd4 $1 16. Nxd4 $140 Rad8 $19 {[%csl Rd4,Rd7]}) 15... Rxa8 16. Qa4
$11) 13... Bxb7 14. Rxb7 Nc6 15. Bg3 $6 {[%csl Rd5][%cal Ge2f4,Gf4d5] Now my
bishop leaves from queen side,and at cases,black's pawn "c5" can become very
much dangerous.} (15. Qc2 $5 Rfd8 16. Rfb1 $11) 15... Rfd8 $11 16. Qa4 Bf8 {
(1/2?)} 17. Rc7 {[%csl Rc6] I have decided to continue a game, though
understood that a position about equal.} ({Weakly:} 17. Nf4 $2 Rd4 18. Qa6 (18.
Qc2 Nb4 $17 {[%csl Rb7,Re4][%cal Gf6c6]}) 18... Rxe4 19. Nd5 Qg6 $17) 17...
Rac8 $6 ({Much better is:} 17... Nd4 $1 18. Nxd4 (18. Nf4 $4 Bd6 $1 {[%csl Rc7,
Rf4]} 19. Nd5 Ne2+ $1 {(I did not expect all consequences of this move)} 20.
Kh1 Nxg3+ 21. hxg3 Qh6+ 22. Kg1 Bxc7 23. Nxc7 Rd4 $19) 18... cxd4 (18... Rxd4
$5 19. Qc2 a6 {[%cal Ga8d8] =/=/+}) 19. Rd1 d3 20. Rxa7 Rxa7 21. Qxa7 Qc6 $36 {
[%csl Gd3]}) 18. Rxc8 Rxc8 19. Nf4 {[%cal Gf4d5]} Qd4 20. Qa6 {[%csl Rc6,Rc8]}
Qd7 (20... Ne7 $5 $13) 21. Nd5 ({I think,that it was a little dubiously:} 21.
a3 {[%csl Ya3][%cal Ga6c4,Ya3b4] vvidu:} c4 (21... Nd4 $143 22. Qc4 Qb5 23. Rc1
{[%csl Yc4]}) 22. Qxc4 Bxa3 23. Nd5 $11) 21... Nb4 22. Qc4 Nxd5 23. exd5 Bd6 $1
$11 {[%csl Yd6]} 24. Bxd6 Qxd6 25. Rc1 {[%csl Rc5]} (25. g3 $144 Rd8 {[%csl
Rd5]} 26. Rd1 g6 $11) 25... g6 26. g3 Rd8 $1 {Ronen very much wants faster to
finish a game.} 27. Qxc5 Qxd5 28. Qxa7 (28. Qxa7 Ra8 {[%csl Ra2]} 29. Qe7 Qxa2
$11) 1/2-1/2

[Event "Montreal 6th"]
[Site "Montreal"]
[Date "2005.08.11"]
[Round "8"]
[White "Golod, Vitali"]
[Black "Shipov, Sergei"]
[Result "1/2-1/2"]
[WhiteElo "2582"]
[BlackElo "2582"]
[Annotator "Golod,V"]
[PlyCount "61"]
[EventDate "2005.08.03"]
[EventType "tourn"]
[EventRounds "11"]
[EventCountry "CAN"]
[EventCategory "12"]
[SourceTitle "CBM 109"]
[Source "ChessBase"]
[SourceDate "2005.11.14"]
[SourceVersion "1"]
[SourceVersionDate "2005.11.14"]
[SourceQuality "1"]

{Before this game, the last time we played was over 10 years ago.} 1. d4 d5 2.
c4 dxc4 {Sergei started playing this opening because of his student - Svetlana
Matveeva plays only this variation.} 3. e4 Nf6 4. e5 Nd5 5. Bxc4 Nb6 6. Bd3 $5
{I decided to surprise my opponent, as in my recent games, I played only 6.Bb3,
however, he was ready for this variation as well.} Nc6 7. Ne2 Bg4 8. f3 Be6 9.
Nbc3 Qd7 $5 {The most obvious continuation for the moment. Before that, in my
games, this was seen:} (9... Bc4 {You can see my comments to Golod,V-Zilberman,
Y/Tel-Aviv,1999/CBM 071(1-0)(Golod,V)(85)}) ({and} 9... g6 {Golod,V-Jonkman,H/
Ubeda,2001(1-0)(41)}) 10. Ne4 {[%mdl 4] I think this is correct, in view of
Black's last move.} Bd5 11. Nc5 Qc8 12. a3 e6 13. Qc2 Bxc5 {A good choice in
my opinion.} (13... Nd7 $6 14. Ne4 Na5 15. b4 Nb3 16. Rb1 Nxc1 17. Rxc1 c6 18.
Nf4 $14 {Beliavsky,A-Seres,L/Hungary,2003(1-0)(27)}) 14. Qxc5 $5 {I didn't go
for an adventurous game:} (14. dxc5 $6 Nd7 {קe5} 15. f4 $140 Bxg2 16. Rg1 {
[%csl Rg2,Rg7]} Bf3 17. Rxg7 $2 {Huzman,A} (17. Be3 $5 g6 18. Rg3 $44) 17...
Qd8 {/\Qh4+ עe1} 18. Be3 Qh4+ 19. Rg3 (19. Ng3 $2 O-O-O $1 20. Qf2 (20. Rxf7
$143 Ndxe5 $1 21. fxe5 Nxe5 {צf7,Bd3} 22. Bc4 Nxf7 23. Bxe6+ Kb8 24. Bxf7 Rhf8
$40) 20... Nxc5 21. Bc2 Nd3+ 22. Bxd3 Rxd3 $15 23. Nf1 (23. Qxf3 $4 Nd4 $1 $19
{[%csl Re1,Re3,Rf3][%cal Gd3e3,Gd4c2,Gd4f3]}) 23... Qh6 24. Rg3 Bd5 $15) 19...
O-O-O 20. Nc3 Ndb8 $6 (20... f6 $142 21. Qf2 Bg4 $36 22. exf6 Nxf6 $36) 21. Bf1
Bg4 22. Qf2 Bf5 23. b4 $14 {Dreev,A-Salov,V/Elista,1998(1/2-1/2)(71)}) 14...
Qd7 15. Be3 $5 $146 ({Before that, this was seen in the position:} 15. O-O $5
Qe7 (15... a6 $5 16. Qc3 O-O $5 (16... f5 $5 17. exf6 gxf6 18. Bf4 O-O (18...
Rg8 $5 $13) 19. b4 Na4 20. Qd2 Kh8 21. b5 $14 {Gulko,B-Chandler,M/Amsterdam,
1987/Inf 44/458 (1/2-1/2)(Gulko,B)(51)}) (16... Ne7 17. b3 Bc6 18. a4 f5 19.
exf6 gxf6 20. Ba3 O-O-O 21. Bc5 Ned5 22. Qd2 $14 {Vyzmanavin,A-Meister,Y/
Cheliabinsk,1990(1/2-1/2)(70)}) 17. Be3 Ne7 18. Qc2 h6 19. Ng3 Bc6 20. Rfd1
Nbd5 21. Bf2 Nf4 22. Be4 Ned5 {+/=/= Vyzmanavin,A-Yakovich,Y/Cheliabinsk,1990
(1/2-1/2)(25)}) 16. Qc2 (16. Qc3 $143 Qd7 17. Be3 Ne7 18. Bg5 Bc6 19. Bxe7 Qxe7
20. Be4 Nd5 21. Bxd5 Bxd5 22. Nf4 c6 $2 (22... Rd8 $11) 23. Nxd5 cxd5 24. Rac1
$14 {Browne,W-Krush,I/Parsippany,1999(1-0)(47)}) 16... Qd7 (16... h6 $6 17. b4
O-O 18. Be3 Rac8 19. Rac1 f5 20. exf6 Qxf6 21. f4 $14 {Barnsley,A-Eastlake,P/
Brit.Champ.Cand,1980(1-0)(38)}) (16... f5 17. exf6 gxf6 18. b4 O-O-O 19. Be3
$14 {Hatton,H-Vigneron,M/FRA corr,1991(1-0)(39)}) 17. Bd2 Ne7 18. Rac1 Bc6 19.
Be3 (19. Be4 $5) 19... Nbd5 20. Bf2 Bb5 $1 21. Ng3 Bxd3 22. Qxd3 O-O $11 {
Bukic-Petrosian/Banja Luka,1979/Inf 27/489 (0-1)(63)}) (15. Bg5 $6 a6 $11 16.
O-O $140 $2 Nc4 17. Bxc4 b6 {[%csl Rc5]} 18. Qxd5 exd5 19. Bd3 O-O $19 {
Volkov,S-Sorokin,M/Novgorod,1999(0-1)(35)}) ({and} 15. b4 $6 a6 $1 16. Qc2 (16.
Bg5 $2 Nc4 $1 {/\b6 ףc5} 17. b5 $8 axb5 18. Qxb5 N6xe5 $17 {[%csl Rb5,Rd3,Ye5]
[%cal Ye5d7,Ge5d3]} 19. Qxd7+ Nxd7 {Razuvaev,Y-Yakovich,Y/Sochi,1986(0-1)(52)})
(16. O-O $2 Nc4 $1 {/\b6 ףc5} 17. b5 $8 (17. Bxc4 $2 b6 $19) 17... axb5 18.
Qxb5 N6xe5 $17 {[%csl Rb5,Rd3,Ye5][%cal Ge5d3,Ye5d7] Safin,S-Iuldachev,S/
Calcutta,2001(0-1)(40)}) 16... Ne7 17. Bg5 Bc6 18. Bxe7 Qxe7 19. O-O Bb5 $11 {
Arencibia,W-Yakovich,Y/Bayamo,1990(0-1)(63)}) 15... a6 $6 {Sergei prepares Nc4
and b6 with the intent to catch my queen.} ({This wasn't good, right away:} 
15... Nc4 $4 16. Bxc4 b6 17. Qb5 a6 18. Qa4 $18) ({Two rounds later, in the
game against Dima Tyomkin, Sergei used a stronger approach:} 15... Qe7 $1 16.
Qc2 $140 (16. b4 Qxc5 17. bxc5 Nc4 $11 {/\b6}) 16... Qh4+ 17. Bf2 {and here
already a draw wasn't far away. During the analysis we saw that after} Qg5 {
Black has good counterplay.}) 16. Qc2 $6 {I didn't even consider the more
principled continuation} (16. Nf4 $1 {/\Nh5 קg7 Shipov,S} h5 (16... Nc4 $2 17.
Nxd5 exd5 18. Bxc4 dxc4 19. Qxc4 $16) 17. h4 $14) 16... Ne7 {/\Bc6,Nbd5} (16...
Na5 $6 17. Nf4 $14 {/\Nd5; /\Nh5 קg7}) 17. Rc1 {<->c; קc7} Bc6 18. O-O Nbd5
$5 {Black rearranges of his pieces once nore.} 19. Bf2 Bb5 20. Be4 h5 $5 {
Black doesn't want to remain in a complete positional clip.} 21. Rfe1 (21. Rfd1
$5 {/\Nc3} Bxe2 (21... Nf5 $2 22. Bxd5 $1 exd5 23. Nf4 $16 {קc7; /\e6 עe8})
22. Qxe2 {^^}) 21... h4 22. h3 $6 (22. Nc3 $5 h3 23. g3 (23. g4 $5) 23... Bc6
$132) 22... Bxe2 $1 (22... O-O-O $6 23. Nc3 Bc6 24. Bd3 Nf4 25. Bf1 $14 {
[%csl Rc5][%cal Gc3e4,Ge4c5]}) 23. Qxe2 c6 $5 {During the entire game, Sergei
made very solid moves, and as he later confessed, avoided making any
responsible decisions.} ({On:} 23... O-O-O $6 {I was going to play:} 24. Kh1 {
so that I could move my dark squared bishop to h2 if Black plays f5 (/^b8-h2;
><c7).} Kb8 (24... f5 $2 25. exf6 gxf6 26. Bxd5 Nxd5 27. Qxe6 $16) 25. b4 $40)
24. Rc5 {[%csl Rd5] I don't allow the Ne7 to leave his companion on d5. But
perhaps it was better to consider an attack with h4 first:} (24. Red1 $5 {
[%csl Gf2,Rh4][%cal Ge2e1]}) 24... Rd8 $1 {Black makes the correct decision,
not to castle queenside.} 25. Qc2 $6 (25. Rd1 $5 {[%csl Gf2,Rh4][%cal Ge2e1]})
25... Kf8 26. b4 Nc7 27. a4 Rh5 $1 {[%csl Yh5][%cal Yh5f5]} (27... Nf5 $2 28.
b5 $1 axb5 $140 29. axb5 Nxb5 30. d5 $1 $36) 28. Rd1 Ned5 $11 29. Qd2 Qe7 30.
Rb1 g6 {By this move, Black shows he is not going to pass f6 in the future,
and is awaiting active moves from White. I, in my turn, can only count on
passing b5. Unfortunately, that's not possible, as Black has that square under
complete control. The only thing we have left is to shake hands.} 31. Qc1
1/2-1/2

[Event "Match/Nation DDR-BUL"]
[Site "Zinnowitz"]
[Date "1985.09.24"]
[Round "1.4"]
[White "Gruenberg, Hans Ulrich"]
[Black "Semkov, Semko"]
[Result "1-0"]
[WhiteElo "2455"]
[BlackElo "2410"]
[Annotator "Gruenberg,HU"]
[PlyCount "137"]
[EventDate "1985.09.24"]
[EventType "team-match"]
[EventRounds "4"]
[EventCountry "DDR"]
[SourceTitle "EXT 2008"]
[Source "ChessBase"]
[SourceDate "2007.11.25"]
[SourceVersion "1"]
[SourceVersionDate "2007.11.25"]
[SourceQuality "1"]

{SCHACH 11/1985 Seite 494} 1. d4 d5 2. c4 dxc4 3. e4 Nf6 4. e5 Nd5 5. Bxc4 Nb6
6. Bb3 Nc6 7. Nf3 Bf5 8. O-O (8. e6 $5) ({oder} 8. d5 $5) 8... e6 9. Nc3 Nb4
10. Bg5 Be7 (10... Qd7 $5) 11. Bxe7 Qxe7 12. a3 Nc6 13. Qe2 Rd8 $2 (13... O-O-O
$1 14. Rad1 Bg4 15. d5 Bxf3 16. Qxf3 Nxe5 17. Qe4 (17. Qh3 $5 Nec4) 17... Ned7
$1 (17... exd5 18. Nxd5 Nxd5 19. Bxd5 c6 20. Bxf7 $11) 18. dxe6 Nc5 19. Qb4 a5
20. Qb5 Nxb3 21. Qxb3 Qxe6 22. Qb5 Rxd1 23. Rxd1 Rd8 24. Qxa5 Rxd1+ 25. Nxd1
Nc4 (25... Qe2 26. Ne3 Qxb2 27. Qf5+) 26. Qc3 Qe2 27. Ne3 {enthielt bezüglich
weißen Ausgleichs hoffentlich kein "Loch".}) 14. Rad1 O-O (14... Bg4 15. d5
Bxf3 16. Qxf3 Nxe5 17. Qg3) 15. h3 Qe8 16. g4 (16. Ba2 $5) 16... Bg6 17. d5 Na5
18. Ba2 exd5 19. Nxd5 Nxd5 20. Bxd5 c5 (20... Qa4 21. Rd4 Qc2 22. Rd2 Qa4 23.
Rfd1) 21. Rfe1 Qa4 22. Bxf7+ $1 {Dieser Überfall basiert auf der Abseitslage
von Dame und Springer des Bulgaren.} Bxf7 (22... Kxf7 23. e6+ Ke7 24. Rd7+) 23.
e6 Rxd1 (23... Rde8 24. exf7+ Kxf7 25. Ng5+ Kg6 (25... Kg8 26. Qd3) 26. Rd6+
Kxg5 27. Qd2+ Kh4 (27... Qf4 28. Rd5+) 28. Rh6+ $1) 24. exf7+ Rxf7 25. Rxd1 Rf8
26. Ng5 (26. Qe6+ Kh8 27. Rd7 Qf4) 26... Qc4 27. Qe6+ Qxe6 28. Nxe6 Re8 $1 (
28... Rc8 29. Rd7) 29. Nxc5 b6 30. Na6 ({Der passive Rückzug} 30. Nd3 {gefiel
mir nicht wegen} Nc4) 30... Nc4 31. Rd7 Ne5 (31... Nxb2 32. Rxa7 Nd3 33. Rd7
Nf4 34. Nc7 Re2 35. h4 {/\} Nh3+ 36. Kg2 Nxf2 37. Kf3 Ra2 38. Ne6) 32. Rxa7
Nf3+ 33. Kg2 Nh4+ 34. Kf1 Nf3 35. g5 {Vermeidet 35... Re1+ 36. Kg2 Nxh4+ 37.
Kg3 g5} Nxg5 36. Nc7 Re7 37. Ra8+ Kf7 38. Nd5 Rd7 39. Nxb6 Rd2 40. Nc4 Rc2 41.
Ra7+ (41. Rc8 $5) 41... Kf6 42. Ra6+ Kf7 43. Ra7+ Kf6 44. Ne3 ({Uhlmanns
Analysevorschlag} 44. Rc7 Ne4 ({kann Schwarz leider mit} 44... Nxh3 45. a4 Nf4
46. f3 h5 {umgehen.}) 45. Nd6 $3) 44... Rxb2 45. Kg2 h5 $2 ({Nach} 45... Ne4
46. Ng4+ {ist die schwarze Stellung noch nicht hoffnungslos.}) 46. Ra6+ $1 Kf7
47. Nc4 Ra2 48. Nd6+ Kg8 (48... Ke6 49. Ne4+ Kf5 50. Ng3+ Ke5 51. Ra5+) 49. a4
$1 h4 50. a5 Ra3 51. Nb5 Rb3 52. Rb6 Nxh3 53. a6 Nf4+ 54. Kh2 Rh3+ 55. Kg1 Ne2+
56. Kg2 Nf4+ 57. Kg1 Ne2+ 58. Kf1 Nf4 59. Ke1 (59. f3 {war genauer}) 59... Rh1+
60. Kd2 Ra1 61. Rb8+ Kh7 62. a7 Ra2+ $1 63. Ke3 $1 (63. Kc3 $4 h3 64. a8=Q Rxa8
65. Rxa8 h2 66. Ra1 Ne2+ 67. Kd2 Ng1 {und Schwarz gewinnt.}) 63... Nd5+ 64. Kf3
Nc7 65. Nxc7 Rxa7 66. Nd5 Rf7+ 67. Kg2 $5 h3+ $2 (67... g5 68. Rb6 {sollte
Weiss ebenfalls gewinnen.}) 68. Kg3 h2 69. Rb1 1-0

[Event "Bundesliga 9900"]
[Site "Germany"]
[Date "2000.02.20"]
[Round "11.2"]
[White "Gurevich, Mikhail"]
[Black "Sadler, Matthew D"]
[Result "1-0"]
[WhiteElo "2694"]
[BlackElo "2630"]
[Annotator "Gurevich,M"]
[PlyCount "75"]
[EventDate "1999.10.09"]
[EventType "team-tourn"]
[EventRounds "15"]
[EventCountry "GER"]
[SourceTitle "CBM 074 Extra"]
[Source "ChessBase"]
[SourceDate "2000.03.10"]
[SourceVersion "2"]
[SourceVersionDate "2000.03.10"]
[SourceQuality "1"]
[WhiteTeam "Godesberg"]
[BlackTeam "Solingen"]
[WhiteTeamCountry "GER"]
[BlackTeamCountry "GER"]

1. d4 d5 2. c4 dxc4 3. e4 Nf6 4. e5 Nd5 5. Bxc4 Nc6 6. Nc3 Nb6 7. Bb5 Bd7 8.
Nf3 e6 9. O-O Nb4 10. Be2 Bc6 11. a3 N4d5 12. Bd3 Qd7 13. Ng5 $1 {TN [/\ 14.
Qh5; xf7]} (13. Ne4 Bb5 14. Re1 Bxd3 15. Qxd3 a6 16. Bd2 Qb5 17. Qc2 Qc4 18.
Rac1 Qxc2 {1/2-1/2 Khalifman,A-Sadler,M/Germany 1998/GER-chT (18)}) 13... O-O-O
(13... h6 14. Qh5 g6 (14... Rg8 15. Nxf7 g6 16. Bxg6 Rxg6 17. Nh8 $18) 15. Bxg6
$5 hxg5 16. Qxh8 fxg6 17. Bxg5 $36) 14. Qh5 $1 g6 (14... f6 15. Nxe6 g6 16. Qh3
$1 (16. Nxf8 Rhxf8 $132) 16... Re8 17. Nxf8 Qxh3 18. gxh3 Rhxf8 19. Bh6 $14)
15. Qe2 Bg7 {[/\16...f6<=>]} 16. Nce4 Qe8 17. Nf3 Kb8 $6 (17... h6 18. Bd2 $36
{(/\19...Rfc1)}) (17... f6 $5 18. exf6 Nxf6 19. Bg5 Bxe4 (19... Rf8 20. Rac1 h6
21. Nxf6 Bxf6 22. Bxf6 Rxf6 23. Ne5 Rxd4 24. Qc2 $1 $36) 20. Bxe4 h6 21. Bxf6
Bxf6 22. Rac1 $14) 18. Bg5 Rc8 19. Rfc1 {[/\20.Rxc6]} h6 (19... Rf8 20. Rxc6 $5
bxc6 (20... Qxc6 21. Bb5 $18) 21. Ba6 $40) 20. Bd2 g5 (20... f5 21. exf6 Nxf6
22. Nc5 $16) 21. b3 $1 {[/\22.a4-><<]} (21. b4 a6 22. Nc5 Bb5 $13) (21. Rxc6 $2
Qxc6 22. Bb5 Qc2 $19) 21... f5 (21... g4 22. Ne1 h5 23. a4 {(/\24.Bb5,
Ne1-d3-c5)}) 22. Nc5 $5 {[xBg7]} (22. exf6 Nxf6 23. Nc5 $14) 22... Nf4 23. Bxf4
gxf4 24. a4 Bf8 25. Bb5 $1 {[/\26.Na6, 26.Bxc6]} (25. a5 Nd5 26. a6 b6 $13)
25... Bxf3 (25... Bxb5 26. axb5 $40) 26. Qxf3 c6 27. a5 $1 Nd7 $6 (27... Nd5
$142 28. Bc4 Bxc5 29. dxc5 {(/\30.a6)} a6 30. Bxd5 cxd5 31. Qxf4 $16) 28. a6 $1
Nxc5 (28... Bxc5 29. dxc5 Rc7 30. axb7 cxb5 31. Rxa7 Kxa7 32. Ra1+ $18) 29.
dxc5 Rd8 (29... Rh7 30. axb7 Rcc7 (30... Rxb7 31. Ba6) 31. Ba6 $18) 30. axb7 $1
Rd5 (30... cxb5 31. c6 Rh7 32. Qc3 $1 $18 {(/\33.c7,33.Qa5)}) 31. b4 Rh7 (31...
cxb5 32. Qa3 $18) (31... Rh7 {[#]}) 32. Rxa7 $1 Kxa7 (32... Rxb7 33. Rxb7+ Kxb7
34. Bc4 $18) 33. Qa3+ Kxb7 34. Qa6+ Kb8 (34... Kc7 35. Qb6+ Kc8 36. Ra1 $18)
35. Ra1 $1 $18 {[/\36.Qa8 Kc7 37.Ra7#]} (35. Bxc6 Qc8 36. Qa8+ Kc7 37. Bxd5 $16
) 35... Qc8 (35... Rd1+ 36. Rxd1 cxb5 37. Qb6+ Kc8 (37... Rb7 38. Rd8+) 38. Ra1
$18) 36. Qa8+ Kc7 37. Qxc6+ Kd8 38. Qe8+ (38. Qe8+ Kc7 39. Ra7+ Kb8 40. Ra8+
Kxa8 41. Qxc8+ Ka7 42. h3 $18) 1-0

[Event "Tilburg op"]
[Site "Tilburg"]
[Date "1997.??.??"]
[Round "4"]
[White "Gurevich, Mikhail"]
[Black "Ye, Rongguang"]
[Result "1-0"]
[WhiteElo "2585"]
[BlackElo "2520"]
[Annotator "Gurevich,M"]
[PlyCount "115"]
[EventDate "1997.??.??"]
[EventType "swiss"]
[EventRounds "9"]
[EventCountry "NED"]
[SourceTitle "CBM 060"]
[Source "ChessBase"]
[SourceDate "1997.09.29"]
[SourceVersion "1"]
[SourceVersionDate "1997.09.29"]
[SourceQuality "1"]

1. d4 d5 2. c4 dxc4 3. e3 e5 4. Bxc4 exd4 5. exd4 Nf6 (5... Bb4+ {-68(343)}) 6.
Nf3 Bd6 7. O-O O-O 8. Bg5 h6 9. Bh4 Bg4 {N} (9... Nc6 {-68/275}) 10. h3 Bxf3 (
10... Bh5 11. g4 Bg6 12. Ne5 $14) 11. Qxf3 Nc6 12. Rd1 (12. Nc3 $6 g5 (12...
Nxd4 13. Qxb7 Nf5 14. Bxf6 Qxf6 $13) 13. Bg3 Bxg3 $15) 12... Be7 (12... g5 13.
Bg3 (13. Qf5 $2 gxh4 14. Qg6+ Kh8 15. Qxh6+ Nh7 $17) 13... Bxg3 14. Qxg3 Nxd4
15. Nc3 $5 (15. Qd3 Ne6 16. Bxe6 Qxd3 17. Bxf7+ Rxf7 18. Rxd3 $11) 15... c5 16.
Nb5 $1 (16. h4 Qb8 $15) 16... Qb6 17. Nxd4 cxd4 18. Qd3 {[/\19.Qg6]} Kg7 19.
Qxd4 $14) (12... Nxd4 $2 13. Rxd4 Bh2+ 14. Kxh2 Qxd4 15. Bxf6 gxf6 16. Na3 $16)
13. Nc3 Rb8 $5 (13... Ne8 14. Bxe7 Qxe7 15. Bd5 $14) (13... Nxd4 14. Qxb7 c5
15. Bg3 $14) 14. Ne2 (14. Bg3 $5 Bd6 (14... Nxd4 15. Qe3 Bc5 16. Be5 Re8 17.
Bxd4 $1 Rxe3 18. Bxc5 $1 $16) 15. Nb5 $1 Bxg3 16. Qxg3 a6 17. Nxc7 Rc8 18. Ne6
$1 fxe6 19. Bxe6+ $14) 14... Kh8 $5 {[/\15...Ne4]} (14... Ne4 15. Qxe4 Bxh4 16.
Bd3 $14 g6 (16... f5 17. Qe6+ Kh8 18. g3 Bg5 19. Bxf5 $14) 17. d5 Re8 18. Qa4
Ne5 19. Bb5 $14) 15. Rac1 $14 Ne4 16. Bxe7 Qxe7 17. Nc3 $5 (17. d5 Ng5 18. Qa3
Qxa3 19. bxa3 Ne7 20. Bb5 $14) 17... Nf6 (17... Nxc3 18. Qxc3 Rfd8 19. d5 $16)
18. Nd5 Nxd5 19. Bxd5 Nd8 (19... Qd7 20. Bxc6 bxc6 21. b3 $14) 20. Qg3 (20. Bb3
c6 21. d5 cxd5 22. Bxd5 $14) 20... Rc8 21. Bb3 $6 {[/\22.d5]} (21. Re1 $5 Qd7
22. Qe5 c6 23. Qe7 $1 $16) 21... Ne6 22. d5 Nc5 23. Bc2 a5 $5 (23... Rcd8 24.
b4 Na6 25. a3 $14) 24. a3 (24. d6 cxd6 25. Qxd6 Qxd6 26. Rxd6 Rfd8 $11) 24...
a4 (24... Ra8 $142) 25. Qf4 Qd6 26. Qf5 $1 g6 27. Qg4 $16 Rce8 (27... b5 28.
Bxg6 fxg6 29. Qd4+ $18) (27... Rce8 {[#]}) 28. Bxa4 $1 Nxa4 (28... Re4 29. Qf3
Rxa4 30. Qc3+ Kg8 31. Qxc5 $18) (28... Re5 29. Qd4 Nxa4 30. f4 $18) 29. Qxa4
Re2 30. Re1 $1 Rxe1+ (30... Rfe8 31. Qxe8+ Rxe8 32. Rxe8+ Kg7 33. Rc8 $16) 31.
Rxe1 Qxd5 32. Qf4 $16 Qc6 (32... Kg7 33. Qxc7 Qd2 34. Qe5+ $18) 33. Re7 Qb6 34.
Qxh6+ Kg8 35. Qd2 c6 36. h4 {[/\37.h5|^]} Rd8 37. Qf4 $22 (37. Rxb7 $18) 37...
Qb3 38. Kh2 Qd5 (38... b5 39. h5 Qd5 40. Re5 $16) 39. Rxb7 Kg7 40. Rb4 Qe6 41.
Re4 Qb3 42. Re7 Qd5 43. f3 $5 {[/\44.Qe5+]} (43. Qe5+ Qxe5+ 44. Rxe5 Rd2 $14)
43... Rh8 44. Qe5+ $1 $18 Qxe5+ 45. Rxe5 Rxh4+ 46. Kg3 Rc4 47. Re2 {[/\Kg3-d3]}
f5 48. Kf2 f4 49. Ke1 Kh6 50. Kd2 Kg5 51. Re5+ Kh4 52. Re4 $1 Rxe4 53. fxe4 Kg3
54. e5 Kxg2 55. e6 f3 56. e7 f2 57. e8=Q f1=Q 58. Qxg6+ 1-0

[Event "Viking op"]
[Site "Aaland/Stockholm"]
[Date "1997.08.25"]
[Round "3"]
[White "Gurevich, Mikhail"]
[Black "Olafsson, Helgi"]
[Result "1-0"]
[WhiteElo "2620"]
[BlackElo "2505"]
[Annotator "Gurevich,M"]
[PlyCount "71"]
[EventDate "1997.08.??"]
[EventType "swiss"]
[EventRounds "9"]
[EventCountry "SWE"]
[SourceTitle "CBM 061"]
[Source "ChessBase"]
[SourceDate "1997.11.23"]
[SourceVersion "1"]
[SourceVersionDate "1997.11.23"]
[SourceQuality "1"]

1. d4 d5 2. c4 dxc4 3. e4 Nf6 4. e5 Nd5 5. Bxc4 Nb6 6. Bd3 Nc6 7. Be3 Be6 8.
Nc3 Qd7 9. Nge2 Bc4 10. Be4 $5 {N} (10. Bxc4 Nxc4 11. Qb3 Nb6 12. e6 fxe6 13.
O-O O-O-O 14. Rac1 g6 15. Nf4 Bh6 16. Nb5 Kb8 17. Nxe6 Bxe3 18. fxe3 Na5 19.
Qc3 Nac4 20. Nxd8 Rxd8 21. b3 {1-0 Gomez Esteban,J-Greenfeld,A/Pamplona9394 (3)
1993}) 10... e6 (10... f5 $5 11. Bf3 O-O-O) 11. O-O O-O-O 12. b3 Bd5 (12...
Bxe2 13. Qxe2 $5 Nxd4 14. Bxd4 Qxd4 15. Nb5 $36) 13. Nxd5 Nxd5 14. a3 $5 {
[/\ b4, Qb3|^<<]} f6 15. exf6 gxf6 16. b4 Nce7 17. Qb3 h5 18. Rac1 Bh6 $6 (
18... Nf5 $5 {(/\ 19...Nfe3 20.fe3 Bh6<=>)} 19. Bxf5 exf5 20. Nf4 Bh6 21. Nxd5
Qxd5 22. Qxd5 Rxd5 23. Rc5 $5 $14) 19. Bxh6 Rxh6 20. Rc5 $1 $14 {[/\ Rfc1|^<<]}
Kb8 21. Rfc1 Qd6 22. b5 h4 23. a4 f5 24. Bf3 Rh7 25. a5 Rg7 26. Kh1 Rdg8 27.
Qb2 (27. Nc3 $5 Nxc3 (27... Nf4 28. b6 $1 cxb6 29. Nb5 Qd8 30. Nxa7 $1 $40 (30.
Rc7 Ned5 31. axb6 a6 $13) 30... Kxa7 31. axb6+ Kb8 32. Ra5 $18 Nc6 33. Bxc6
bxc6 34. Rca1 $18) 28. Qxc3 Nd5 29. Qc4 $36) 27... Rd8 28. Qd2 Rg6 29. Bh5 Rgg8
30. Bf3 Rh8 $6 (30... Rg6 31. Qb2 Rdg8 32. Nc3 $36) 31. Qb2 Rhg8 32. h3 Rgf8 ({
>=} 32... Rg7) 33. Nc3 $1 Nxc3 34. Qxc3 Rc8 (34... Qxd4 35. Rxc7 Qxc3 (35...
Nc6 36. Rxb7+ $18) 36. Rxb7+ $18) 35. Qe3 $5 {[><e6]} Ng6 $2 (35... Rf6 36. Qe5
$5 Qxe5 37. dxe5 Rh6 38. a6 b6 39. R5c2 {(/\ Bb7)} Nd5 40. Rd2 $16) 36. a6 (36.
a6 b6 37. Rc6 $18) 1-0